Acuerdos de pesca sostenible en las comunidades de la Estrella Fluvial de Inírida : (Registro nro. 18241)
[ vista simple ]
| 000 -CABECERA | |
|---|---|
| Campo de control | 01157nam a22002777a 4500 |
| 005 - FECHA Y HORA DE LA ULTIMA TRANSACCION | |
| Campo de control | 20160317102244.0 |
| 008 - ELEMENTOS DE LONGITUD FIJA—INFORMACION GENERAL | |
| Campo de control | 160317s2013 ck ao fr|||| 001 0 spa d |
| 020 ## - ISBN | |
| ISBN | 9789584624567 |
| 040 ## - FUENTE DE CATALOGACIÓN | |
| Agencia catalogadora original | CO-BoIAVH |
| Agencia transcriptora | CO-BoIAVH |
| 041 0# - IDIOMA | |
| Código de idioma para texto/pista de sonido o título separado | Español |
| 044 ## - PAÍS DE PUBLICACIÓN | |
| País de publicación | Colombia |
| 082 04 - NUMERO DE CLASIFICACION DECIMAL DEWEY | |
| Número de clasificación | 333.95617 |
| Número del ítem | Z94a |
| 100 1# - ASIENTO PRINCIPAL--NOMBRE PERSONAL | |
| Nombre personal | Zuluaga Guerra, Paula Andrea |
| 9 (RLIN) | 39912 |
| 245 10 - MENCION DE TITULO | |
| Título | Acuerdos de pesca sostenible en las comunidades de la Estrella Fluvial de Inírida : |
| Parte restante del título | avances / |
| Mención de responsabilidad | Paula Andrea Zuluaga y Marcela Franco Jaramillo |
| 260 ## - PUBLICACION, DISTRIBUCION, ETC. (PIE DE IMPRENTA) | |
| Lugar de publicación, distribución, etc. | [Colombia?] : |
| Nombre del editor, distribuidor, etc. | USAID : |
| -- | ICAA : |
| -- | AUNAP : |
| -- | WWF, |
| Fecha de publicación, distribución, etc. | 2013. |
| 300 ## - DESCRIPCION FISICA | |
| Extensión | 56 páginas : |
| Otros detalles físicos | ilustraciones a color y fotografías a color ; |
| Dimensiones | 21 x 19 centímetros |
| 504 ## - NOTA DE BIBLIOGRAFIA, ETC. | |
| Nota de bibliografía | Incluye referencias bibliográficas: página 55. |
| 650 #6 - ASIENTO SECUNDARIO DE MATERIA - TERMINO TEMATICO | |
| Término temático o nombre geográfico como elemento de entrada | Zonas de pesca |
| Subdivisión general | diagnóstico |
| 9 (RLIN) | 64369 |
| 650 #6 - ASIENTO SECUNDARIO DE MATERIA - TERMINO TEMATICO | |
| Término temático o nombre geográfico como elemento de entrada | Zonas de pesca |
| Subdivisión general | pesca artesanal |
| 9 (RLIN) | 64370 |
| 650 #4 - ASIENTO SECUNDARIO DE MATERIA - TERMINO TEMATICO | |
| Término temático o nombre geográfico como elemento de entrada | Pesca sostenible |
| 9 (RLIN) | 18448 |
| 650 #6 - ASIENTO SECUNDARIO DE MATERIA - TERMINO TEMATICO | |
| Término temático o nombre geográfico como elemento de entrada | Ordenación de cuencas |
| 9 (RLIN) | 64371 |
| 662 ## - ASIENTO SECUNDARIO DE MATERIA - JERARQUIA DEL NOMBRE DE LUGAR( | |
| País o entidad mayor | Colombia |
| Jurisdicción política de primer orden | Vichada (Departamento) |
| Jurisdicción política intermedia | Estrella Fluvial de Inírida |
| 700 1# - ASIENTO SECUNDARIO - NOMBRE PERSONAL | |
| Nombre personal | Franco Jaramillo, Marcela |
| Término de relación | autora |
| -- | fotografía |
| 9 (RLIN) | 39920 |
| 700 1# - ASIENTO SECUNDARIO - NOMBRE PERSONAL | |
| Nombre personal | García Arbelaez, Carolina |
| Término de relación | fotografía |
| 9 (RLIN) | 64372 |
| 942 ## - ELEMENTOS ADICIONALES (KOHA) | |
| Sistema de clasificación | Dewey Decimal Classification |
| Tipo de ítem | Libro |
| Withdrawn status | Lost status | Sistema de Clasificación | Damaged status | No para préstamo | Colección | Inventariado | Ubicación Permanente | Ubicación actual | Fecha de adquisición | Fuente de Valor | Valor | Total Checkouts | Número topográfico | Inventario / Código de Barras | Date last seen | Ejemplar | Price effective from | Forma de adquisición | Tipo de material |
|---|---|---|---|---|---|---|---|---|---|---|---|---|---|---|---|---|---|---|---|
| Dewey Decimal Classification | General | Inventariado 2017 | Bogotá | Bogotá | 17/03/2016 | Instituto | 39000.00 | LB-333.95617 Z94a | 039887 | 17/03/2016 | Ej. 1 | 17/03/2016 | Libro |